| 000 | 01141cam a22003375a 4500 | ||
|---|---|---|---|
| 001 | 015705688 | ||
| 003 | EG-ScBUE | ||
| 005 | 20220222104533.0 | ||
| 008 | 101124s2011 enk f 000 1 eng d | ||
| 020 | _a9780141331195 (pbk.) | ||
| 020 | _a0141331194 (pbk.) | ||
| 040 |
_aStDuBDS _beng _erda _cStDuBDS _dUk _dEG-ScBUE |
||
| 082 | 0 | 4 |
_222 _a823.92 _bPAL |
| 100 | 1 |
_aPalmer, Tom, _d1967- _eauthor. _940197 |
|
| 245 | 1 | 0 |
_aOwn goal / _cTom Palmer. |
| 264 | 1 |
_aLondon : _bPuffin Books, _c2011. |
|
| 300 |
_a222 pages ; _c20 cm. |
||
| 336 |
_2rdacontent _atext _btxt |
||
| 337 |
_2rdamedia _aunmediated _bn |
||
| 338 |
_2rdacarrier _avolume _bnc |
||
| 490 | 0 | _aFoul play | |
| 500 | _aScores with the precision of a Ronaldo free kick' Sunday Times. | ||
| 650 | 7 |
_aHarte, Danny (Fictitious character) _vJuvenile fiction. _2BUEsh _940198 |
|
| 650 | 7 |
_aSoccer fans _vJuvenile fiction. _2BUEsh _940199 |
|
| 650 | 7 |
_aSoccer managers _vJuvenile fiction. _2BUEsh _940200 |
|
| 650 | 7 |
_aSoccer _xCorrupt practices _vJuvenile fiction. _2BUEsh _940201 |
|
| 651 | _2BUEsh | ||
| 653 |
_cJune2016 _bHHUUEENN |
||
| 655 |
_vReading book _934232 |
||
| 942 |
_2ddc _cBB |
||
| 999 |
_c21900 _d21872 |
||